| 000 | 00448nam a2200169Ia 4500 | ||
|---|---|---|---|
| 008 | 180921t2016 xxu||||| |||| 00| 0 sin d | ||
| 041 | _asin | ||
| 080 |
_a133.52 _bRAJ |
||
| 100 | _aRajapaksha,S.M.W | ||
| 245 | _aකේන්ද්රයක් බලන හැටි | ||
| 246 | _aKendrayak Balana Heti | ||
| 260 |
_bGodage _aColombo _c2016 |
||
| 300 | _b136p, 23cm | ||
| 942 | _cBK | ||
| 999 |
_c4441 _d4441 |
||
| 003 | LK-CoDNM | ||
| 040 |
_aLK-CoDNM _dLK-CoDNM _eLK-CoDNM |
||